| 000 | 01410nam a22001577a 4500 | ||
|---|---|---|---|
| 082 | _a621 | ||
| 100 |
_aTanveer, Abdullah _9122758 |
||
| 245 |
_aEnergy Harvesting by Bio-Inspired Inverted C- Cylinders / _cAbdullah Tanveer |
||
| 264 |
_aIslamabad : _bSMME- NUST; _c2022. |
||
| 300 |
_a51p. _bSoft Copy _c30cm |
||
| 500 | _aIn a uniform flow, the interaction of piezoelectric flag with bio inspired C shaped bluff bodies was examined. Based on vortex-induced vibration, the piezoelectric eel converts the kinetic energy of flowing water into electrical energy. The flapping behavior of a piezoelectric flag in the wake of a bluff body was studied in terms of stream wise gap between piezoelectric flag and bluff body. The experiments were carried out by placing a conventional piezoelectric flag in the wake of a bluff body in a low-speed water tunnel and varying the stream wise gap (Gx) behind a bio inspired inverted C shaped cylinder to see how the vortices produced by the bluff body affected the flapping amplitude, frequency, and voltage generated by the piezoelectric flags. The effect of different bluff bodies and varying streamwise gap on energy harvesting was observed and optimal results were obtained. | ||
| 650 |
_aMS Mechanical Engineering _9119495 |
||
| 700 |
_aSupervisor : Dr. Emad Uddin _9119529 |
||
| 856 | _uhttp://10.250.8.41:8080/xmlui/handle/123456789/29536 | ||
| 942 |
_2ddc _cTHE |
||
| 999 |
_c609204 _d609204 |
||